000 00694nam a2200217 a 4500
005 20210223121400.0
008 991125s1971 mx 000 0 spa u
020 _a9681641191
035 _aUPN01000016659
049 _aCG
050 4 _aPQ8549 G24
_bD66 1993
100 1 _aGallegos, Rómulo,
_d1884-1969
_95897
245 1 0 _aDoña Bárbara /
_cRómulo Gallegos.
260 _aMéxico :
_bFCE,
_c1971.
300 _a347 p. :
_bil.
440 0 _aPopular ;
_v103
500 _a"Edición definitiva, con correcciones del autor, publicadapara conmemorar los veinticinco años de su aparición"
650 4 _aLITERATURA VENEZOLANA
_914541
650 4 _aNOVELA VENEZOLANA
_914312
905 _aLibro
999 _c16659
_d16659